[Event "CAN-ch U08"]
[Site "Ottawa"]
[Date "2007.07.03"]
[Round "1"]
[White "Li, Yinshi"]
[Black "Kavchak, Michael"]
[Result "1-0"]
[WhiteElo "1284"]
[BlackElo "934"]
[PlyCount "61"]
[EventDate "2007.07.03"]
[EventType "swiss"]
[EventRounds "7"]
[EventCountry "CAN"]
[SourceTitle "EXT 2022"]
[Source "ChessBase"]
[SourceDate "2021.10.06"]
[SourceVersion "1"]
[SourceVersionDate "2021.10.06"]
[SourceQuality "1"]

1. e4 e5 2. Nf3 Nc6 3. Bc4 Nf6 4. Ng5 d5 5. exd5 Nxd5 6. Nxf7 Kxf7 7. Qf3+ Qf6 8. Bxd5+ Be6 9. Bxe6+ Kxe6 10. Qxf6+ Kxf6 11. Nc3 Bc5 12. d3 Rhf8 13. Ne4+ Ke7 14. Bg5+ Ke8 15. Nxc5 Nd4 16. Rc1 Kf7 17. Be3 Rae8 18. Bxd4 exd4+ 19. Kd2 b6 20. Ne4 Ke6 21. Rce1 Kf5 22. Ng3+ Kg4 23. Rxe8 Rxe8 24. Re1 Rf8 25. Re4+ Kg5 26. Re5+ Kg4 27. Ne4 c5 28. Rg5+ Kh4 29. Rxg7 a5 30. Rxh7+ Kg4 31. Rb7 1-0